<?xml version="1.0" encoding="UTF-8"?>
<collection xmlns="http://www.loc.gov/MARC21/slim">
  <record>
    <leader>00000nam  2200000   4500</leader>
    <controlfield tag="001">INLIS000000000010007</controlfield>
    <controlfield tag="005">20210312093858</controlfield>
    <datafield tag="035" ind1="#" ind2="#">
      <subfield code="a">0010-0321000100</subfield>
    </datafield>
    <controlfield tag="007">ta</controlfield>
    <controlfield tag="008">210312################g##########0#ind##</controlfield>
    <datafield tag="020" ind1="#" ind2="#">
      <subfield code="a">9789791176361</subfield>
    </datafield>
    <datafield tag="082" ind1="#" ind2="#">
      <subfield code="a">328.345 6</subfield>
    </datafield>
    <datafield tag="084" ind1="#" ind2="#">
      <subfield code="a">328.345 6 EVA</subfield>
    </datafield>
    <datafield tag="245" ind1="#" ind2="#">
      <subfield code="a">Evaluasi kewenangan dan peningkatan hubungan kerja antara eksekutif &amp; legislatif /</subfield>
      <subfield code="c">PKP2AIII LAN</subfield>
    </datafield>
    <datafield tag="260" ind1="#" ind2="#">
      <subfield code="a">Samarinda :</subfield>
      <subfield code="b">PKP2A III LAN,</subfield>
      <subfield code="c">2010</subfield>
    </datafield>
    <datafield tag="300" ind1="#" ind2="#">
      <subfield code="a">vi, 180 hal. :</subfield>
      <subfield code="b">ilus. ;</subfield>
      <subfield code="c">21 cm</subfield>
    </datafield>
    <datafield tag="650" ind1="#" ind2="#">
      <subfield code="a">Legislatif</subfield>
    </datafield>
    <datafield tag="856" ind1="#" ind2="#">
      <subfield code="a">Perpustakaan LAN</subfield>
    </datafield>
    <datafield tag="990" ind1="#" ind2="#">
      <subfield code="a">130514295</subfield>
    </datafield>
  </record>
</collection>
